| 000 | 00967pab a2200181 454500 | ||
|---|---|---|---|
| 008 | 180718b1999 xxu||||| |||| 00| 0 eng d | ||
| 100 | _aSrivastava, Anjali | ||
| 245 | _aEstimation of vertical distribution of pollutants in atmosphere | ||
| 260 | _c1999 | ||
| 300 | _ap.153-58 | ||
| 362 | _aJul | ||
| 520 | _aEstimation of ground level concentration is a conventional method to assess the pollutant concentration profile in a region. Vertical distribution profile can divulge more details of the pollutant movement and concentration ranges at various heights. Gaussian Plume Model used for ground level prediction can also be effectively used for estimation of vertical distribution profile of pollutants. This paper presents a case to predict vertical distribution of pollutants in atmosphere. - Reproduced | ||
| 650 | _aPollutants | ||
| 700 | _aRakesh Kumar | ||
| 700 | _aKulkarni, V.S. | ||
| 773 | _aIndian Journal of Environmental Health | ||
| 909 | _a43733 | ||
| 999 |
_c43733 _d43733 |
||